[Event "Moscow-Open 2021_A"]
[Site "Moscow"]
[Date "2021.02.23"]
[Round "4.65"]
[White "Pranizin, Evgeny"]
[Black "Agkatsev, Felix A"]
[Result "1-0"]
[WhiteElo "1850"]
[BlackElo "1338"]
[PlyCount "107"]
[EventDate "2021.02.20"]

1. e4 d6 2. d4 e5 3. Ne2 exd4 4. Nxd4 Nf6 5. Nc3 Be7 6. Bc4 O-O 7. Be3 Re8 8.
f3 c6 9. Qd2 Bf8 10. O-O-O a5 11. g4 b5 12. Bd3 Qc7 13. h4 Nbd7 14. h5 Nc5 15.
g5 Nxd3+ 16. cxd3 Nd7 17. f4 b4 18. Nce2 c5 19. Nf5 Nb6 20. Neg3 d5 21. g6 h6
22. e5 d4 23. Bf2 Bxf5 24. Nxf5 Qd7 25. Ng3 Qd5 26. Kb1 Na4 27. Qc2 Nb6 28. Ne4
a4 29. Qe2 Ra7 30. Rhg1 Kh8 31. Qg4 fxg6 32. Qxg6 Qe6 33. Qxe6 Rxe6 34. Rc1 Ra5
35. Bg3 Nd5 36. f5 Rc6 37. Nd6 Ra7 38. Nc4 Be7 39. e6 Bg5 40. Ne5 Bxc1 41. Nxc6
Be3 42. Rg2 Ra8 43. Be5 Bg5 44. Rf2 Bf6 45. Bxf6 Nxf6 46. Rc2 Nxh5 47. Rxc5 Nf4
48. Ne5 Rf8 49. Ng6+ Nxg6 50. fxg6 b3 51. axb3 axb3 52. e7 Re8 53. Rd5 Kg8 54.
Rd8 1-0

[Event "Moscow-Open 2021_A"]
[Site "Moscow"]
[Date "2021.02.23"]
[Round "4.66"]
[White "Minakov, Artemij"]
[Black "Maimin, Leonid"]
[Result "1/2-1/2"]
[WhiteElo "1837"]
[BlackElo "1415"]
[PlyCount "95"]
[EventDate "2021.02.20"]

1. d4 Nf6 2. Nf3 g6 3. g3 Bg7 4. Bg2 O-O 5. O-O d5 6. c4 c6 7. b3 Nbd7 8. Bb2
Nb6 9. Nbd2 Bf5 10. Rc1 Rc8 11. Re1 Ne4 12. Nh4 e6 13. Nxf5 exf5 14. f3 Nxd2
15. Qxd2 Re8 16. e4 fxe4 17. fxe4 dxc4 18. bxc4 Na4 19. Ba1 Rc7 20. Kh1 Bf6 21.
Rcd1 Nb6 22. Qd3 Rd7 23. Bh3 Rde7 24. Bb2 c5 25. e5 cxd4 26. c5 Na4 27. Bxd4
Bxe5 28. Re4 Nb2 29. Bxb2 Qxd3 30. Rxd3 Bxb2 31. Rxe7 Rxe7 32. Rd8+ Kg7 33. Rd7
Re1+ 34. Kg2 Ba3 35. Kf2 Re5 36. Rxb7 Bxc5+ 37. Kf1 Bb6 38. Bd7 Re7 39. Bc6 Re5
40. Ba4 Rf5+ 41. Ke1 Bg1 42. Rb2 Kh6 43. Bb3 Bd4 44. Rc2 Bb6 45. Rc8 Ba5+ 46.
Ke2 Bb6 47. Ke1 Kg7 48. Rc6 1/2-1/2

[Event "Moscow-Open 2021_A"]
[Site "Moscow"]
[Date "2021.02.23"]
[Round "4.67"]
[White "Lunin, Aleksey"]
[Black "Vershinin, Igor"]
[Result "1/2-1/2"]
[WhiteElo "1513"]
[BlackElo "1835"]
[PlyCount "82"]
[EventDate "2021.02.20"]

1. e4 c5 2. Nf3 Nc6 3. d4 cxd4 4. Nxd4 Nf6 5. Nc3 e5 6. Ndb5 d6 7. Bg5 a6 8.
Bxf6 gxf6 9. Na3 Bg7 10. Nd5 b5 11. c4 b4 12. Nc2 a5 13. Bd3 O-O 14. O-O Ra7
15. Qh5 Be6 16. Nce3 Nd4 17. f4 h6 18. f5 Bxd5 19. Nxd5 Kh7 20. Rae1 Rg8 21.
Qh4 Bh8 22. Re3 Rg5 23. Rh3 Qf8 24. Kh1 Qg7 25. Qf2 Ra8 26. Ne3 a4 27. Rg1 b3
28. a3 Rg8 29. g4 h5 30. Rxh5+ Rxh5 31. gxh5 Qh6 32. Ng4 Qxh5 33. Qg3 Rg5 34.
h4 Bg7 35. Rg2 Rxg4 36. Qxg4 Qxg4 37. Rxg4 Bh6 38. Rg1 Be3 39. Rf1 Nc6 40. Rd1
Nd4 41. Rf1 Nc6 1/2-1/2

[Event "Moscow-Open 2021_A"]
[Site "Moscow"]
[Date "2021.02.23"]
[Round "4.68"]
[White "Basiev, Georgiy"]
[Black "Kuznetsov, Ivan V."]
[Result "1-0"]
[WhiteElo "1448"]
[BlackElo "1831"]
[PlyCount "65"]
[EventDate "2021.02.20"]

1. d4 d5 2. Nf3 Nf6 3. c4 c6 4. Nc3 e6 5. e3 Nbd7 6. Qc2 Bd6 7. Bd3 dxc4 8.
Bxc4 b5 9. Bd3 Bb7 10. e4 e5 11. h3 O-O 12. dxe5 Nxe5 13. Nxe5 Bxe5 14. Be3 Re8
15. O-O Bd4 16. Rfe1 Bxe3 17. Rxe3 Nd7 18. Rd1 Qe7 19. e5 h6 20. e6 fxe6 21.
Rde1 e5 22. Qe2 Rf8 23. Qg4 Nf6 24. Qg6 Rae8 25. Ne4 Qe6 26. Rg3 Re7 27. Qxh6
Ne8 28. Rg6 Qf7 29. Ng5 Qxf2+ 30. Kh2 Qf4+ 31. Kh1 Nf6 32. Rf1 Ng4 33. Qh7# 1-0

[Event "Moscow-Open 2021_A"]
[Site "Moscow"]
[Date "2021.02.23"]
[Round "4.69"]
[White "Chertkov, Maksim"]
[Black "Fedosov, Alexander"]
[Result "1-0"]
[WhiteElo "1972"]
[BlackElo "1369"]
[PlyCount "69"]
[EventDate "2021.02.20"]

1. e4 c6 2. Nc3 d5 3. Qe2 dxe4 4. Nxe4 Bf5 5. d3 e6 6. g4 Bxe4 7. dxe4 Nd7 8.
Bd2 Qf6 9. O-O-O O-O-O 10. Nf3 Bd6 11. Bc3 Bf4+ 12. Kb1 e5 13. g5 Qe7 14. Bh3
f6 15. Rxd7 Qxd7 16. Bxd7+ Rxd7 17. Rd1 Ne7 18. Rxd7 Kxd7 19. Qc4 Rf8 20. Bb4
fxg5 21. Bxe7 Kxe7 22. Qc5+ Ke8 23. Nxe5 Bxh2 24. Qd6 Bxe5 25. Qxe5+ Kf7 26.
Qf5+ Kg8 27. Qe6+ Kh8 28. e5 h6 29. Qg6 Rxf2 30. b3 Re2 31. e6 a5 32. Qe8+ Kh7
33. Qd7 Re5 34. e7 a4 35. e8=R 1-0

[Event "Moscow-Open 2021_A"]
[Site "Moscow"]
[Date "2021.02.23"]
[Round "4.70"]
[White "Borisov, Yury"]
[Black "Voronin, Nikita"]
[Result "0-1"]
[WhiteElo "1972"]
[BlackElo "1732"]
[PlyCount "50"]
[EventDate "2021.02.20"]

1. c4 c5 2. Nc3 Nc6 3. g3 g6 4. Bg2 Bg7 5. e3 e6 6. Nge2 Nge7 7. d4 cxd4 8.
exd4 d5 9. cxd5 exd5 10. O-O O-O 11. h3 Be6 12. Kh2 Nf5 13. Nf4 Nce7 14. Be3 h5
15. Re1 a6 16. Nxe6 fxe6 17. g4 Qd6+ 18. Kh1 Nxe3 19. Rxe3 Rxf2 20. Qd3 hxg4
21. hxg4 Qf4 22. Ne2 Qxg4 23. Bh3 Qh5 24. Kg1 Rf6 25. Bxe6+ Rxe6 0-1

[Event "Moscow-Open 2021_A"]
[Site "Moscow"]
[Date "2021.02.23"]
[Round "4.71"]
[White "Silenko, Alexey"]
[Black "Akhmedov, David"]
[Result "0-1"]
[WhiteElo "1561"]
[BlackElo "1866"]
[PlyCount "88"]
[EventDate "2021.02.20"]

1. e4 c5 2. Nf3 Nc6 3. d4 cxd4 4. Nxd4 Nf6 5. Nc3 e5 6. Ndb5 d6 7. Bg5 a6 8.
Na3 b5 9. Bxf6 gxf6 10. Nd5 f5 11. c3 fxe4 12. Bxb5 axb5 13. Nxb5 Be6 14. Nbc7+
Kd7 15. Nxa8 Bxd5 16. Qxd5 Qxa8 17. O-O f5 18. f3 Qa7+ 19. Kh1 exf3 20. Qxf3
Ne7 21. a4 Bg7 22. Rfd1 Ke6 23. Qd3 Qc7 24. a5 e4 25. Qc2 Be5 26. a6 Qb6 27. b4
Ra8 28. Qb3+ Kf6 29. b5 h5 30. Rac1 Rxa6 31. c4 Ra8 32. Qb4 Rc8 33. Rc2 h4 34.
Rdc1 Qe3 35. Qe1 Qf4 36. Qg1 e3 37. c5 dxc5 38. Rxc5 Rxc5 39. Rxc5 e2 40. Rc1
Bd4 41. Qe1 Bf2 42. Qc3+ Kg6 43. Ra1 Bd4 44. Ra6+ Kh7 0-1

[Event "Moscow-Open 2021_A"]
[Site "Moscow"]
[Date "2021.02.23"]
[Round "4.72"]
[White "Ekimov, Pavel"]
[Black "Yurasov, Matfey"]
[Result "1/2-1/2"]
[WhiteElo "1853"]
[BlackElo "1402"]
[PlyCount "112"]
[EventDate "2021.02.20"]

1. d4 Nf6 2. Nf3 g6 3. c4 Bg7 4. Nc3 d5 5. cxd5 Nxd5 6. e4 Nxc3 7. bxc3 c5 8.
Bb5+ Bd7 9. Bxd7+ Qxd7 10. O-O Nc6 11. Bb2 O-O 12. Qa4 Qc7 13. d5 Na5 14. Rab1
b6 15. c4 Bxb2 16. Rxb2 Qf4 17. Re1 Rad8 18. Rbe2 e6 19. Nd2 Qe5 20. Nb3 Nxb3
21. Qxb3 Rfe8 22. g3 g5 23. Qe3 Qg7 24. Qd3 Qe5 25. Qe3 h6 26. f4 Qg7 27. Rd1
gxf4 28. Qxf4 b5 29. e5 bxc4 30. d6 c3 31. Qc4 f6 32. Qxc3 fxe5 33. Qxc5 Qg4
34. Qxe5 Rd7 35. Rd4 Qg6 36. Ree4 h5 37. Rf4 Rg7 38. Rf1 Rd7 39. Rdf4 Rg7 40.
Rf6 Qg4 41. Re1 Rg6 42. d7 Rd8 43. Rxg6+ Qxg6 44. Qd6 Qf7 45. Qxe6 Rxd7 46.
Qxf7+ Kxf7 47. Kf2 Kf6 48. Ke2 Kf5 49. Rf1+ Ke5 50. Rb1 Rd5 51. Rb4 Rc5 52. Kd3
Kd5 53. a4 a6 54. Rb6 Ra5 55. Rb4 Rc5 56. Rd4+ Ke5 1/2-1/2

[Event "Moscow-Open 2021_A"]
[Site "Moscow"]
[Date "2021.02.23"]
[Round "4.73"]
[White "Arutyunova, Yuliya"]
[Black "Korelskiy, Egor"]
[Result "0-1"]
[WhiteElo "1802"]
[BlackElo "1371"]
[PlyCount "102"]
[EventDate "2021.02.20"]

1. c4 e6 2. Nc3 d5 3. cxd5 exd5 4. d4 Nf6 5. Nf3 Bf5 6. g3 c6 7. Bg2 Nbd7 8.
O-O Bd6 9. Nh4 Be6 10. Qd3 Nb6 11. Nf5 O-O 12. Nxd6 Qxd6 13. Bg5 Ne8 14. e4 Nc7
15. e5 Qd7 16. f4 Bf5 17. Qd1 Ne6 18. Bh4 Nc4 19. Rf2 Ne3 20. Qd2 Nxg2 21. Rxg2
c5 22. dxc5 Bh3 23. Rf2 d4 24. Ne4 Qd5 25. Re1 Nxc5 26. Nxc5 Qxc5 27. f5 Rfe8
28. Qf4 f6 29. e6 d3 30. Rc1 Qd5 31. g4 Rac8 32. Rc3 Rxc3 33. bxc3 Qb5 34. Qc1
Qc5 35. g5 fxg5 36. Qxg5 Qxc3 37. Rf3 Qd4+ 38. Qe3 Qxe3+ 39. Rxe3 Bxf5 40. Re5
Bxe6 41. Bg5 Kf7 42. Ra5 h6 43. Bd2 a6 44. Ra3 Bf5 45. Rb3 b5 46. Kf1 Re2 47.
Bf4 Bh3+ 48. Kg1 Rg2+ 49. Kh1 Rf2 50. Be3 d2 51. Rb1 Re2 0-1

[Event "Moscow-Open 2021_A"]
[Site "Moscow"]
[Date "2021.02.23"]
[Round "4.74"]
[White "Makarenko, Kirill"]
[Black "Novozhilov, Semen"]
[Result "0-1"]
[WhiteElo "1507"]
[BlackElo "1788"]
[PlyCount "98"]
[EventDate "2021.02.20"]

1. d4 Nf6 2. Nf3 c5 3. d5 g6 4. Nc3 Bg7 5. e4 d6 6. Bc4 O-O 7. O-O a6 8. a4 Bg4
9. h3 Bxf3 10. Qxf3 Nbd7 11. Qd1 Ne8 12. Be3 Qb6 13. Bb3 Qb4 14. a5 b5 15. axb6
Nxb6 16. Bd2 Bxc3 17. Bxc3 Qxe4 18. Re1 Qh4 19. Qe2 c4 20. g3 Qxh3 21. Bxc4 Nf6
22. Bxf6 exf6 23. Bb3 Nd7 24. Qf3 Kg7 25. Qg2 Qh5 26. Bc4 Rfe8 27. b4 Re5 28.
f4 Rxe1+ 29. Rxe1 Nb6 30. Bb3 a5 31. bxa5 Rxa5 32. Qd2 Rc5 33. Rd1 Qg4 34. Kg2
h5 35. Qd3 Qc8 36. Rd2 h4 37. gxh4 Rc3 38. Qe4 Qh3+ 39. Kf2 Rg3 40. Re2 Qxh4
41. Kf1 Rh3 42. Rg2 Rh1+ 43. Rg1 Rh2 44. Qe3 Qh5 45. Qd3 Nd7 46. Rg2 Rh1+ 47.
Kf2 Nc5 48. Qf3 Rf1+ 49. Kxf1 Qxf3+ 0-1

[Event "Moscow-Open 2021_A"]
[Site "Moscow"]
[Date "2021.02.23"]
[Round "4.75"]
[White "Sviridov, Vladislav"]
[Black "Lebedev, Artem S."]
[Result "0-1"]
[WhiteElo "2123"]
[BlackElo "1623"]
[PlyCount "62"]
[EventDate "2021.02.20"]

1. e4 e5 2. Qh5 Nc6 3. Bc4 g6 4. Qf3 Nf6 5. Ne2 Bg7 6. Nbc3 d6 7. d3 O-O 8. Bg5
h6 9. Bxf6 Bxf6 10. Nd5 Bg7 11. h4 h5 12. Qg3 Be6 13. O-O-O Nd4 14. Nxd4 exd4
15. Kb1 c6 16. Nf4 Bxc4 17. dxc4 Rb8 18. Ne2 b5 19. Nxd4 bxc4 20. c3 Qe7 21.
Qe3 Rb6 22. Rd2 Rfb8 23. Ka1 Qb7 24. Rdd1 a5 25. f4 a4 26. a3 c5 27. Ne2 Rb3
28. Qg1 Qxe4 29. Ka2 d5 30. Qxc5 Bf8 31. Qg1 Qe7 0-1

[Event "Moscow-Open 2021_A"]
[Site "Moscow"]
[Date "2021.02.23"]
[Round "4.76"]
[White "Davidyan, Vladimir"]
[Black "Maslovskiy, Vladimir"]
[Result "1/2-1/2"]
[WhiteElo "1427"]
[BlackElo "1959"]
[PlyCount "85"]
[EventDate "2021.02.20"]

1. e4 e5 2. Nf3 Nc6 3. Bb5 a6 4. Ba4 d6 5. O-O Bd7 6. Bb3 Na5 7. c3 Nxb3 8.
Qxb3 Rb8 9. d4 Qe7 10. Be3 b6 11. Nbd2 f6 12. Qc2 g6 13. b4 Nh6 14. h3 Bg7 15.
d5 O-O 16. c4 f5 17. Bg5 Qe8 18. c5 bxc5 19. bxc5 fxe4 20. Nxe4 Bf5 21. Rfe1
Bxe4 22. Rxe4 Nf7 23. Rd1 Qd7 24. Be3 Rfc8 25. c6 Qf5 26. Rc4 Bh6 27. Qa4 Bxe3
28. fxe3 Rf8 29. Qc2 Qf6 30. Rf1 Ng5 31. Qe2 Nxf3+ 32. Rxf3 Qg5 33. Rg4 Qh6 34.
Rxf8+ Kxf8 35. Qf2+ Kg7 36. Rh4 Qg5 37. Rg4 Qh5 38. e4 Rf8 39. Qa7 Rf7 40. Qe3
Kg8 41. Kh2 a5 42. a4 Kg7 43. Kg1 1/2-1/2

[Event "Moscow-Open 2021_A"]
[Site "Moscow"]
[Date "2021.02.23"]
[Round "4.77"]
[White "Bogov, Khetag"]
[Black "Ponomarev, Andrey A."]
[Result "1-0"]
[WhiteElo "1263"]
[BlackElo "1893"]
[PlyCount "75"]
[EventDate "2021.02.20"]

1. Nf3 Nf6 2. d4 g6 3. Bf4 Bg7 4. h3 O-O 5. e3 d6 6. Bd3 Nbd7 7. c3 Re8 8. Bc2
b6 9. O-O Bb7 10. a4 c5 11. Nbd2 e5 12. Bh2 e4 13. Nh4 Nd5 14. g3 cxd4 15. cxd4
Nb4 16. Bb1 Ba6 17. Re1 Bd3 18. Qb3 a5 19. Ng2 Rc8 20. Bxd3 Nxd3 21. Rf1 Nf6
22. Nxe4 Nxe4 23. Qxd3 Qd7 24. h4 d5 25. f3 Nd6 26. g4 Re7 27. Rac1 Rce8 28. b3
h5 29. Rc2 hxg4 30. Bxd6 Qxd6 31. f4 Qb4 32. Qc3 Qd6 33. Qc6 Qxc6 34. Rxc6 Rxe3
35. Nxe3 Bxd4 36. Kg2 Rxe3 37. Rd6 Rxb3 38. Rxd5 1-0

[Event "Moscow-Open 2021_A"]
[Site "Moscow"]
[Date "2021.02.23"]
[Round "4.78"]
[White "Khiryaev, Adam"]
[Black "Galiev, Ernest"]
[Result "0-1"]
[WhiteElo "1229"]
[BlackElo "1807"]
[PlyCount "114"]
[EventDate "2021.02.20"]

1. e4 e6 2. d4 d5 3. e5 c5 4. c3 Qb6 5. a3 Bd7 6. Nf3 Bb5 7. Bd3 Bxd3 8. Qxd3
Nc6 9. b4 cxd4 10. cxd4 Nh6 11. Bxh6 gxh6 12. Nc3 Rc8 13. O-O Bg7 14. Rac1 O-O
15. Na4 Qd8 16. Nc5 Qe7 17. Qb3 h5 18. Qe3 Rfd8 19. g3 Kh8 20. Rfd1 b6 21. Nd3
a6 22. Kh1 Na7 23. Rxc8 Rxc8 24. Rc1 Rc4 25. Nb2 Rxc1+ 26. Qxc1 h6 27. Nd3 Qd7
28. Qc2 Qc6 29. Qxc6 Nxc6 30. h4 Bf8 31. Kg2 b5 32. Nc5 a5 33. bxa5 Nxa5 34.
Nd2 Nc4 35. Nxc4 dxc4 36. Kf3 Kg8 37. Ke4 Be7 38. Ke3 Kf8 39. Kd2 Ke8 40. Kc3
Bxc5 41. dxc5 Kd7 42. Kd4 Kc6 43. f3 Kd7 44. Kc3 Kc7 45. g4 Kb7 46. gxh5 Kc7
47. Kb4 Kc6 48. f4 Kd5 49. Kxb5 c3 50. c6 c2 51. c7 c1=Q 52. a4 Qc6+ 53. Kb4
Qxc7 54. a5 Kd4 55. f5 Qb7+ 56. Ka3 Kc3 57. Ka2 Qb2# 0-1

[Event "Moscow-Open 2021_A"]
[Site "Moscow"]
[Date "2021.02.23"]
[Round "4.79"]
[White "Efimov, Leonid"]
[Black "Korovko, Iakov"]
[Result "1-0"]
[WhiteElo "1764"]
[BlackElo "1606"]
[PlyCount "95"]
[EventDate "2021.02.20"]

1. d4 Nf6 2. c4 c5 3. d5 b5 4. cxb5 a6 5. bxa6 g6 6. Nc3 Bxa6 7. e4 Bxf1 8.
Kxf1 d6 9. Nf3 Bg7 10. g3 O-O 11. Kg2 Qb6 12. a4 Na6 13. Qe2 Nb4 14. Rd1 e6 15.
dxe6 fxe6 16. Bg5 h6 17. Bxf6 Rxf6 18. e5 dxe5 19. Ne4 Rf7 20. Rd6 Qb7 21. a5
Raf8 22. Ra3 g5 23. h3 Nc6 24. Nxc5 Qa8 25. Qe4 Nd4 26. Qxa8 Rxa8 27. Nxd4 Bf8
28. Rc6 exd4 29. b4 Bxc5 30. Rxc5 Rb7 31. Rb3 Rd7 32. Rd3 Kg7 33. Rc4 e5 34. f4
gxf4 35. gxf4 Kf6 36. Kf3 Kf5 37. Rc5 Re8 38. b5 Kf6 39. fxe5+ Rxe5 40. Rxe5
Kxe5 41. b6 Rf7+ 42. Ke2 Kd5 43. a6 Re7+ 44. Kd2 Rg7 45. b7 Rg2+ 46. Kc1 Kc4
47. Rd2 Rg1+ 48. Kb2 1-0

[Event "Moscow-Open 2021_A"]
[Site "Moscow"]
[Date "2021.02.23"]
[Round "4.80"]
[White "Ryabov, Georgi"]
[Black "Pereverzev, Timofei"]
[Result "1-0"]
[WhiteElo "1751"]
[BlackElo "1506"]
[PlyCount "59"]
[EventDate "2021.02.20"]

1. c4 e5 2. Nc3 Nf6 3. e4 Bc5 4. d3 d6 5. h3 h6 6. g3 Nc6 7. Bg2 Be6 8. Nge2
Nd4 9. O-O Qd7 10. Kh2 O-O-O 11. f4 exf4 12. gxf4 g6 13. Nxd4 Bxd4 14. f5 gxf5
15. exf5 Rhg8 16. fxe6 Rxg2+ 17. Kxg2 Rg8+ 18. Kh1 fxe6 19. Qf3 Qg7 20. Bf4 h5
21. Ne2 Be5 22. Bxe5 dxe5 23. Rg1 Ng4 24. Raf1 Qg5 25. Rxg4 hxg4 26. Qxg4 Qd8
27. Qxe6+ Kb8 28. Qxe5 Qc8 29. Rf3 Rh8 30. Kh2 1-0

[Event "Moscow-Open 2021_A"]
[Site "Moscow"]
[Date "2021.02.24"]
[Round "5.7"]
[White "Vlassov, Nikolai"]
[Black "Faizrakhmanov, Ramil"]
[Result "0-1"]
[WhiteElo "2331"]
[BlackElo "2476"]
[PlyCount "78"]
[EventDate "2021.02.20"]

1. e4 c6 2. d4 d5 3. e5 Bf5 4. Nc3 e6 5. g4 Bg6 6. Nge2 c5 7. h4 h5 8. Nf4 Bh7
9. Nxh5 cxd4 10. Qxd4 Nc6 11. Bb5 Nge7 12. Bg5 a6 13. Bxc6+ Nxc6 14. Qa4 b5 15.
Qf4 Qa5 16. O-O Qb4 17. a4 Qxf4 18. Nxf4 b4 19. Ncxd5 exd5 20. Nxd5 Ra7 21. c4
Bc5 22. Kg2 Bd3 23. Rfe1 Bxc4 24. Nf4 Na5 25. Rac1 Rc7 26. Re4 Bb6 27. h5 Rc6
28. Rd1 b3 29. Nd5 Bxd5 30. Rxd5 O-O 31. Be3 Rd8 32. Rxd8+ Bxd8 33. Rb4 Bc7 34.
Bd4 Rc4 35. Rxc4 Nxc4 36. f4 Bb6 37. Bc3 Ne3+ 38. Kf3 Nd1 39. a5 Bc5 0-1

[Event "Moscow-Open 2021_A"]
[Site "Moscow"]
[Date "2021.02.24"]
[Round "5.8"]
[White "Korchmar, Vasiliy"]
[Black "Mikhailovsky, Vladimir"]
[Result "1-0"]
[WhiteElo "2451"]
[BlackElo "2228"]
[PlyCount "51"]
[EventDate "2021.02.20"]

1. d4 Nf6 2. c4 d6 3. Nc3 e5 4. Nf3 e4 5. Nd2 Bf5 6. Qb3 Nc6 7. e3 Rb8 8. g3
Qd7 9. h3 d5 10. cxd5 Nb4 11. g4 Bg6 12. Bg2 Nfxd5 13. Nxd5 Nxd5 14. Nxe4 c6
15. O-O f5 16. gxf5 Bxf5 17. Ng5 h6 18. e4 hxg5 19. exd5 Bd6 20. Bxg5 Bxh3 21.
dxc6 bxc6 22. Rfe1+ Kf8 23. Bxh3 Qxh3 24. Be7+ Bxe7 25. Qxb8+ Kf7 26. Qb3+ 1-0

[Event "Moscow-Open 2021_A"]
[Site "Moscow"]
[Date "2021.02.24"]
[Round "5.9"]
[White "Naumkin, Igor"]
[Black "Lazavik, Denis"]
[Result "0-1"]
[WhiteElo "2277"]
[BlackElo "2442"]
[PlyCount "107"]
[EventDate "2021.02.20"]

1. d4 d5 2. c4 c6 3. Nf3 Nf6 4. cxd5 cxd5 5. Nc3 Nc6 6. Bf4 Bf5 7. e3 e6 8. Bb5
Nd7 9. Qa4 Rc8 10. O-O a6 11. Bxc6 Rxc6 12. Rfc1 Be7 13. Ne2 Qb6 14. Rxc6 bxc6
15. Qb3 f6 16. Rc1 Qxb3 17. axb3 Bd3 18. Nc3 Kf7 19. Ne1 Bg6 20. Na4 Rc8 21.
Kf1 e5 22. Bg3 Bb4 23. Nc3 Ke6 24. Ra1 a5 25. Na2 Be7 26. Nc3 Ra8 27. Ke2 c5
28. Nb5 Bd8 29. dxc5 Nxc5 30. b4 Nb3 31. Ra3 Rb8 32. Na7 Nc1+ 33. Kd1 axb4 34.
Ra6+ Rb6 35. Rxb6+ Bxb6 36. Nc8 Bc5 37. Kxc1 Kd7 38. Kd2 Kxc8 39. f4 exf4 40.
Bxf4 Kd7 41. Nd3 Be7 42. Bb8 Bxd3 43. Kxd3 Bd6 44. Bxd6 Kxd6 45. Kd4 f5 46. h3
g6 47. h4 h6 48. g3 g5 49. h5 Ke6 50. Kc5 Ke5 51. Kxb4 d4 52. exd4+ Kxd4 53.
Ka3 f4 54. gxf4 0-1

[Event "Moscow-Open 2021_A"]
[Site "Moscow"]
[Date "2021.02.24"]
[Round "5.10"]
[White "Suleymenov, Alisher"]
[Black "Talibov, Shiroghlan"]
[Result "1-0"]
[WhiteElo "2440"]
[BlackElo "2128"]
[PlyCount "93"]
[EventDate "2021.02.20"]

1. d4 d5 2. c4 e6 3. Nc3 Nf6 4. Nf3 Be7 5. Bf4 O-O 6. e3 a6 7. Be2 dxc4 8. a4
Nd5 9. Bg3 c5 10. O-O cxd4 11. exd4 Nxc3 12. bxc3 Bd6 13. Ne5 Bxe5 14. Bxe5 Nc6
15. Bg3 Na5 16. Rb1 Bd7 17. Bf3 Rc8 18. Re1 Bc6 19. Bxc6 Rxc6 20. Rb4 Rb6 21.
Bh4 Qc7 22. Qg4 f5 23. Qe2 Rxb4 24. cxb4 Nb3 25. Qxe6+ Qf7 26. Qe3 b5 27. axb5
axb5 28. h3 h6 29. f3 Qd5 30. Bf2 Rf6 31. Kh1 Qd6 32. Qe8+ Kh7 33. Qxb5 Qc6 34.
Qe5 c3 35. b5 Qc8 36. Qd5 c2 37. Qxb3 c1=Q 38. Rxc1 Qxc1+ 39. Bg1 Rb6 40. Kh2
Qc8 41. d5 Rb7 42. b6 Qd7 43. Qd3 g6 44. Qc4 Qd6+ 45. g3 Rd7 46. Qc6 Qxc6 47.
dxc6 1-0

[Event "Moscow-Open 2021_A"]
[Site "Moscow"]
[Date "2021.02.24"]
[Round "5.11"]
[White "Thing, Bibek"]
[Black "Bykov, Egor"]
[Result "1/2-1/2"]
[WhiteElo "2222"]
[BlackElo "2436"]
[PlyCount "104"]
[EventDate "2021.02.20"]

1. e4 e5 2. Nf3 Nc6 3. d4 exd4 4. Nxd4 Nf6 5. Nxc6 bxc6 6. e5 Qe7 7. Qe2 Nd5 8.
c4 Nb6 9. Nc3 Qe6 10. Qe4 g6 11. Bd3 Bg7 12. O-O O-O 13. Bf4 Ba6 14. b3 Rae8
15. Rae1 d5 16. cxd5 cxd5 17. Qe2 Bxd3 18. Qxd3 c6 19. Bd2 Nd7 20. Qa6 Bxe5 21.
Bh6 Qd6 22. Bxf8 Rxf8 23. Ne2 Bxh2+ 24. Kh1 Be5 25. Qxa7 d4 26. Ng1 Qd5 27. Nf3
c5 28. Nxe5 Nxe5 29. Qc7 Nd3 30. Re7 Qg5 31. g3 Qd2 32. Kg1 Qxa2 33. Qb7 Nb4
34. Rc7 Nd3 35. Qd5 Qe2 36. Qc4 Qe4 37. Qc2 Qe5 38. Ra7 Nb4 39. Qc4 Qf5 40. Rd1
Rc8 41. Ra5 h5 42. Qxb4 cxb4 43. Rxf5 gxf5 44. Rxd4 Rb8 45. Rh4 Rd8 46. Rxb4
Kg7 47. Kf1 Rd2 48. Kg2 Rb2 49. Kf3 Kg6 50. Ke3 Kg5 51. Rb8 h4 52. gxh4+ Kxh4
1/2-1/2

[Event "Moscow-Open 2021_A"]
[Site "Moscow"]
[Date "2021.02.24"]
[Round "5.12"]
[White "Badelka, Olga"]
[Black "Nikologorsky, Matfei"]
[Result "1-0"]
[WhiteElo "2428"]
[BlackElo "2215"]
[PlyCount "52"]
[EventDate "2021.02.20"]

1. d4 Nf6 2. c4 g6 3. Nf3 Bg7 4. g3 O-O 5. Bg2 d5 6. cxd5 Nxd5 7. O-O Nb6 8.
Nc3 Nc6 9. e3 Re8 10. h3 e5 11. d5 Na5 12. Qc2 Bd7 13. Rd1 Qc8 14. Kh2 c6 15.
d6 Qb8 16. Ne4 Bf5 17. b3 c5 18. Ba3 Bxe4 19. Qxe4 f5 20. Qh4 Nd7 21. Ng5 h6
22. Bd5+ Kh8 23. Ne6 Nc6 24. Bxc6 bxc6 25. Nc7 e4 26. Bb2 Qb7 1-0

[Event "Moscow-Open 2021_A"]
[Site "Moscow"]
[Date "2021.02.24"]
[Round "5.13"]
[White "Chetverik, Maxim"]
[Black "Savitskiy, Sergey"]
[Result "0-1"]
[WhiteElo "2159"]
[BlackElo "2427"]
[PlyCount "102"]
[EventDate "2021.02.20"]

1. d4 d5 2. c4 dxc4 3. e4 Nf6 4. e5 Nd5 5. Bxc4 Nb6 6. Bb3 Nc6 7. Be3 Bf5 8.
Ne2 e6 9. Nbc3 Qd7 10. O-O O-O-O 11. Qc1 Kb8 12. Rd1 Qe8 13. Ng3 Bg6 14. Nge4
Bxe4 15. Nxe4 f5 16. Nc5 Bxc5 17. Qxc5 Qf7 18. d5 Nxd5 19. Bxd5 exd5 20. f4 Rd7
21. Rd3 d4 22. Bxd4 Rhd8 23. Rad1 Qxa2 24. Ra3 Qd5 25. Qxa7+ Nxa7 26. Bxa7+ Kc8
27. Rxd5 Rxd5 28. Be3 Kd7 29. Kf2 Ke6 30. Rb3 b6 31. Kf3 g5 32. fxg5 R8d7 33.
Rc3 Rxe5 34. Bf4 Rc5 35. Re3+ Kf7 36. h4 Rcd5 37. Be5 Rd3 38. Rxd3 Rxd3+ 39.
Kf4 Kg6 40. Bxc7 Rd4+ 41. Kg3 Rb4 42. Be5 Kh5 43. Kf3 Kxh4 44. Bf6 Kh5 45. g3
Kg6 46. Bc3 Rg4 47. Bd2 Rxg5 48. Be3 b5 49. b4 Rg4 50. Bf4 h5 51. Ke3 Kf6 0-1

[Event "Moscow-Open 2021_A"]
[Site "Moscow"]
[Date "2021.02.24"]
[Round "5.14"]
[White "Kardashevskiy, Evgeny"]
[Black "Petrovsky, Nikita"]
[Result "1-0"]
[WhiteElo "2427"]
[BlackElo "2006"]
[PlyCount "69"]
[EventDate "2021.02.20"]

1. d4 d5 2. Nf3 Nf6 3. c4 e6 4. Nc3 c6 5. Bg5 Nbd7 6. e3 Qa5 7. Nd2 Bb4 8. Bxf6
Nxf6 9. Qc2 Bxc3 10. bxc3 b6 11. Bd3 O-O 12. cxd5 cxd5 13. a4 b5 14. Nb3 Qb6
15. axb5 Bd7 16. Ra6 Qb8 17. Ra5 Rc8 18. Nc5 Qc7 19. Ra2 e5 20. O-O e4 21. Be2
Bg4 22. Ra6 Bd7 23. Rfa1 Rcb8 24. Qa4 h6 25. Qa5 Qc8 26. c4 Be8 27. Rxa7 Rxa7
28. Qxa7 dxc4 29. Bxc4 Bxb5 30. Qxf7+ Kh7 31. Be6 Ra8 32. Rb1 Qb8 33. Nxe4 Nxe4
34. Bf5+ Kh8 35. Bxe4 1-0

[Event "Moscow-Open 2021_A"]
[Site "Moscow"]
[Date "2021.02.24"]
[Round "5.15"]
[White "Zhukenov, Aituar"]
[Black "Smirnov, Timofey"]
[Result "1-0"]
[WhiteElo "2144"]
[BlackElo "2414"]
[PlyCount "89"]
[EventDate "2021.02.20"]

1. e4 e5 2. Bc4 Nf6 3. d3 Bc5 4. Nc3 c6 5. f4 exf4 6. d4 Bb4 7. e5 Ne4 8. Qf3
d5 9. Bxf4 g5 10. Bc1 Nxc3 11. bxc3 dxc4 12. cxb4 Qxd4 13. Qf6 Rg8 14. Ne2 Qh4+
15. g3 Qg4 16. h3 Qf5 17. g4 Qxf6 18. exf6 Be6 19. Nd4 Nd7 20. O-O O-O-O 21.
Nxe6 fxe6 22. Bb2 Rg6 23. Rad1 Rf8 24. Rde1 Re8 25. Rf3 Kc7 26. Kg2 a6 27. Kg3
b5 28. h4 gxh4+ 29. Kxh4 Kc8 30. g5 e5 31. Rf5 h6 32. f7 Rf8 33. Kh5 Rxg5+ 34.
Rxg5 hxg5 35. Kg6 Rh8 36. Bxe5 Rh3 37. Bd6 Rf3 38. Re8+ Kb7 39. Re7 Kc8 40.
Kxg5 c3 41. Re8+ Kb7 42. Re7 Kc8 43. Rxd7 Kxd7 44. f8=Q Rxf8 45. Bxf8 1-0

[Event "Moscow-Open 2021_A"]
[Site "Moscow"]
[Date "2021.02.24"]
[Round "5.16"]
[White "Rostovtsev, Dmitry"]
[Black "Kavyev, Ruslan"]
[Result "1/2-1/2"]
[WhiteElo "2037"]
[BlackElo "2339"]
[PlyCount "80"]
[EventDate "2021.02.20"]

1. e4 c5 2. Ne2 d6 3. g3 Nc6 4. Bg2 g6 5. c3 e5 6. d4 exd4 7. cxd4 Bg7 8. d5
Nd4 9. O-O Ne7 10. Nxd4 cxd4 11. Bf4 O-O 12. Na3 f5 13. f3 b6 14. Re1 h6 15.
Nb5 g5 16. Bxd6 a6 17. Bxe7 Qxe7 18. Nxd4 Qc5 19. e5 f4 20. Rc1 Qxd5 21. Qb3
Qxb3 22. Nxb3 Re8 23. gxf4 gxf4 24. Re4 Rxe5 25. Rxf4 Re7 26. Re4 Rxe4 27. fxe4
Be6 28. Rc6 Bf7 29. Rxb6 Bxb2 30. e5 Re8 31. Rxh6 a5 32. e6 Rxe6 33. Rxe6 Bxe6
34. Nxa5 Bxa2 35. Nc6 Bf7 36. Bd5 Bxd5 37. Ne7+ Kf7 38. Nxd5 Be5 39. Nf4 Bxf4
40. Kf1 Bxh2 1/2-1/2